The Soviet Middle East : A communist model for development

Na minha lista:
Detalhes bibliográficos
Autor principal: Nove, Alec
Formato: Livro
Idioma:Undetermined
Publicado em: New York Praeger 1967
Assuntos:
Tags: Adicionar Tag
Sem tags, seja o primeiro a adicionar uma tag!
Thư viện lưu trữ: Trung tâm Học liệu Trường Đại học Cần Thơ
LEADER 00525nam a2200193Ia 4500
001 CTU_83432
008 210402s9999 xx 000 0 und d
082 |a 330.91717 
082 |b N937 
100 |a Nove, Alec 
245 4 |a The Soviet Middle East : 
245 2 |b A communist model for development 
245 0 |c Alec Nove, J. A. Newth 
260 |a New York 
260 |b Praeger 
260 |c 1967 
650 |a Economic conditions 
904 |i QHieu(sửa) 
980 |a Trung tâm Học liệu Trường Đại học Cần Thơ